Towards global multilingualism : European models and Asian realities
Saved in:
| Other Authors: | , , |
|---|---|
| Format: | Book |
| Language: | English |
| Published: |
Clevedon, Avon, England ; Philadelphia :
Multilingual Matters,
c1994
|
| Series: | Multilingual matters
|
| Subjects: | |
| Tags: |
Add Tag
No Tags, Be the first to tag this record!
|
MARC
| LEADER | 00000nam a2200000 i 4500 | ||
|---|---|---|---|
| 001 | 1/85765 | ||
| 008 | 980320s1994 eng d | ||
| 020 | |a 1-85359-244-7 | ||
| 035 | |l 10034779 | ||
| 035 | |a 1995 |b 2 |c Σκούρτου | ||
| 040 | |a GR-MY-UA |b gre |e aacr | ||
| 041 | 0 | |a eng | |
| 082 | 0 | |a 404.2 |2 (20) | |
| 245 | 1 | 0 | |a Towards global multilingualism : |b European models and Asian realities / |c edited by Rosemary Khoo, Ursula Kreher, and Ruth Wong |
| 260 | |a Clevedon, Avon, England ; Philadelphia : |b Multilingual Matters, |c c1994 | ||
| 300 | |a viii, 117 p.; |c 26 cm | ||
| 490 | 1 | |a Multilingual matters | |
| 500 | |a ^These papers were first delivered at the conference ... in Singapore in February 1993^--T.p. verso | ||
| 504 | |a Περιέχει βιβλιογραφικές παραπομπές | ||
| 650 | 0 | 0 | |a Bilingualism. |
| 650 | 0 | 0 | |a Education, Bilingual. |
| 650 | 0 | 0 | |a English language |x Study and teaching |x Foreign speakers. |
| 700 | 1 | |a Khoo, Rosemary. |4 edt | |
| 700 | 1 | |a Kreher, Ursula. |4 edt | |
| 700 | 1 | |a Wong, Ruth. |4 edt | |
| 852 | |a INST |b RHODES |e 19980320 |h 404.2 TOW |p 005400005410 |q 005400005410 |t BK |y 0 | ||
| 909 | |a Ρ |b 042379 |c 1995 | ||